| 000 | 00000nam 2200000zi 4500 |
| 001 | 9.943805 |
| 003 | CaOODSP |
| 005 | 20250821155514 |
| 006 | m o d f |
| 007 | cr cn||||||||| |
| 008 | 241004e202410 oncad o f000 0 fre d |
| 020 | |a9780660739045 |
| 040 | |aCaOODSP|bfre|erda|cCaOODSP |
| 043 | |an-cn--- |
| 086 | 1 |aFo4-236/2024F-PDF |
| 245 | 00|aDe quelle façon le Canada déclare-t-il les émissions de gaz à effet de serre provenant des feux de forêt? |
| 264 | 1|a[Ottawa] : |bRessources naturelles Canada = Natural Resources Canada, |coctobre 2024. |
| 264 | 4|c©2024 |
| 300 | |a1 ressource en ligne (3 pages non numérotées) : |bgraphique en couleur, illustrations en couleur |
| 336 | |atexte|btxt|2rdacontent/fre |
| 337 | |ainformatique|bc|2rdamedia/fre |
| 338 | |aressource en ligne|bcr|2rdacarrier/fre |
| 500 | |aPublié aussi en anglais sous le titre : How does Canada report greenhouse gas emissions from wildfire? |
| 500 | |aPublié par : Service canadien des forêts. |
| 650 | 6|aFeux de friches|xFacteurs climatiques|zCanada. |
| 650 | 6|aGaz à effet de serre|zCanada|xMesure. |
| 710 | 1 |aCanada. |bRessources naturelles Canada, |eorganisme de publication. |
| 710 | 2 |aService canadien des forêts, |eorganisme de publication. |
| 775 | 08|tHow does Canada report greenhouse gas emissions from wildfire?|w(CaOODSP)9.943804 |
| 856 | 40|qPDF|s1.08 Mo|uhttps://publications.gc.ca/collections/collection_2025/rncan-nrcan/Fo4-236-2024-fra.pdf |